Možnosti programového vybavení IBM AS/400 PC Support a Office Vision/400
Charakteristika programového vybavenia AS/400 PC Support a Office Vision/400. Predpoklady pre pripojenie osobných počítačov k AS/400. 6 spôsobov spojenia so systémom AS/400 u PC. Funkcie programového produktu PC Support (emulácia pracovnej stanice, ovládač pre prácu s oknami, odosielanie a prijímani...
Gespeichert in:
| 1. Verfasser: | |
|---|---|
| Format: | Buchkapitel |
| Sprache: | Tschechisch |
| Schlagworte: | |
| Tags: |
Keine Tags, Fügen Sie das erste Tag hinzu!
|
MARC
| LEADER | 00000naa a2200000 4500 | ||
|---|---|---|---|
| 001 | r007397 | ||
| 005 | 20221125080428.1 | ||
| 041 | 0 | |a cze | |
| 044 | |a [CS] | ||
| 245 | 1 | 0 | |a Možnosti programového vybavení IBM AS/400 PC Support a Office Vision/400 |c K. Havlíček |
| 520 | |a Charakteristika programového vybavenia AS/400 PC Support a Office Vision/400. Predpoklady pre pripojenie osobných počítačov k AS/400. 6 spôsobov spojenia so systémom AS/400 u PC. Funkcie programového produktu PC Support (emulácia pracovnej stanice, ovládač pre prácu s oknami, odosielanie a prijímanie správ, organizátor, povely). Príklad automatizácie kancelárie s využitím Office Vision/400. | ||
| 610 | 2 | 0 | |a automatizácia administratívy |
| 610 | 2 | 0 | |a softvér |
| 100 | 1 | |a Havlíček, K. | |